| 000 | 01896nam a2200253Ia 4500 | ||
|---|---|---|---|
| 003 | St Aloysius Coll | ||
| 005 | 20250708160912.0 | ||
| 008 | 210423s2000 xx 000 0 und d | ||
| 020 | _a780761994695 | ||
| 040 | _cAL | ||
| 041 | _aEnglish | ||
| 082 |
_a070.195 _bFRET |
||
| 100 |
_aDavid French _9217774 |
||
| 245 | _aTelevision in contemporary Asia | ||
| 260 |
_aNew Delhi _bSage Publications _c2000 |
||
| 300 |
_ax,457 _bPB |
||
| 365 |
_b895 _cINR |
||
| 520 | _aTelevision in Asia has undergone rapid transformation following the introduction of cable and satellite television in 1991. Although public service channels are largely intact in most Asian Countries, they now compete with private commercial channels from both within and across borders. As a consequence of these developments, the television market in Asia has moved to the forefront of the international arena and is attracting increasing interest among scholars, media analysts and business houses around the world. the book presents original discussions on the most recent developments in Asian television systems in the context of the continually changing global environment. Alongside a detailed examination of television in China and India—the major players in the Asian television scene—this volume also covers Hong Kong, Indonesia, Japan, Korea, Malaysia, Pakistan, the Philippines, Singapore, Sri Lanka and Taiwan. The country-based analyses are supplemented by substantive chapters which deal with various important processes and issues common to the Asian region as a whole. These chapters address the global changes that have stimulated new concerns about the nature, future and cultural independence of the nation-state. | ||
| 650 |
_aGeneral _9217775 |
||
| 650 |
_aMass Media _9217776 |
||
| 700 |
_aRichards, Michael _9217777 |
||
| 906 | _aasia. ; contemporary ; Television | ||
| 942 |
_2ddc _cBK |
||
| 999 |
_c158936 _d158936 |
||